[Event "Oberliga Ost B 2017 2018"]
[Site "Germany"]
[Date "2017.10.22"]
[Round "1.5"]
[White "Seifert, Christopher"]
[Black "Schaack, Harry"]
[Result "1-0"]
[WhiteElo "2290"]
[BlackElo "2207"]
[PlyCount "123"]
[EventDate "2017.10.22"]
[EventType "team-tourn"]
[EventCountry "GER"]
[WhiteTeam "Neuberg SF"]
[BlackTeam "Schoeneck SF"]
[WhiteTeamCountry "GER"]
[BlackTeamCountry "GER"]

1. c4 Nf6 2. Nc3 g6 3. e4 d6 4. g3 Bg7 5. Bg2 O-O 6. Nge2 e5 7. O-O Nc6 8. d3
Be6 9. h3 Qd7 10. Kh2 Kh8 11. Be3 Ng8 12. Qa4 Nd4 13. Qxd7 Bxd7 14. Bxd4 exd4
15. Nb5 Bxb5 16. cxb5 c5 17. bxc6 bxc6 18. Rfc1 Ne7 19. Rc4 Rab8 20. Rb1 c5 21.
Ra4 Nc6 22. b3 Nb4 23. Rd1 f5 24. exf5 Rxf5 25. Kg1 Rbf8 26. f4 Re8 27. Rd2 Rf7
28. Kf2 Rfe7 29. Nc1 g5 30. a3 gxf4 31. gxf4 Re1 32. axb4 Rxc1 33. bxc5 dxc5
34. Rxa7 Bh6 35. Rf7 Rce1 36. Ra2 R1e7 37. Rf5 Rf8 38. Rxf8+ Bxf8 39. Be4 Rf7
40. Kf3 Kg7 41. Ra6 Be7 42. Ra7 Kf6 43. Bd5 Rf8 44. Ke4 Bd6 45. Bc4 Kg6 46. Ra6
Rf6 47. f5+ Kg5 48. Be6 Bf8 49. Ra8 h5 50. Ke5 h4 51. Ra1 Be7 52. Rg1+ Kh6 53.
Rg4 Rf8 54. Bd5 Bg5 55. Be4 Rd8 56. Ke6 Kh5 57. Rg2 Kh6 58. f6 c4 59. bxc4 Re8+
60. Kf5 Rf8 61. Ke6 Rxf6+ 62. Ke5 1-0

[Event "Oberliga Ost B 2017 2018"]
[Site "Germany"]
[Date "2017.10.22"]
[Round "1.6"]
[White "Garbe, Ralf"]
[Black "Overbeck, Thorsten"]
[Result "0-1"]
[WhiteElo "2195"]
[BlackElo "2306"]
[PlyCount "64"]
[EventDate "2017.10.22"]
[EventType "team-tourn"]
[EventCountry "GER"]
[WhiteTeam "Schoeneck SF"]
[BlackTeam "Neuberg SF"]
[WhiteTeamCountry "GER"]
[BlackTeamCountry "GER"]

1. e4 c5 2. Nf3 d6 3. d3 Nc6 4. g3 g6 5. Bg2 Bg7 6. O-O e6 7. Re1 Nge7 8. Nbd2
O-O 9. a4 b6 10. c3 Bb7 11. Nf1 Ne5 12. Ne3 Nxf3+ 13. Bxf3 d5 14. Nf1 Nc6 15.
Bg2 dxe4 16. dxe4 Ne5 17. Qb3 c4 18. Qa2 a6 19. Be3 Nd3 20. Re2 Qc7 21. Nd2 b5
22. a5 Rac8 23. f4 e5 24. Rf1 exf4 25. gxf4 Bh6 26. e5 Bxg2 27. Kxg2 f6 28. f5
Qxe5 29. Rf3 Nf4+ 30. Kf1 Nxe2 31. Bxh6 Rfe8 32. fxg6 Qxh2 0-1

[Event "Oberliga Ost B 2017 2018"]
[Site "Germany"]
[Date "2017.10.22"]
[Round "1.7"]
[White "Koller, Jens"]
[Black "Stockmann, Michael"]
[Result "1-0"]
[WhiteElo "2199"]
[BlackElo "2238"]
[PlyCount "39"]
[EventDate "2017.10.22"]
[EventType "team-tourn"]
[EventCountry "GER"]
[WhiteTeam "Neuberg SF"]
[BlackTeam "Schoeneck SF"]
[WhiteTeamCountry "GER"]
[BlackTeamCountry "GER"]

1. e4 d5 2. exd5 Qxd5 3. Nc3 Qd6 4. d4 c6 5. h3 Bf5 6. Nge2 Nf6 7. g4 Be6 8.
Bg2 g6 9. Bf4 Qd8 10. Qd2 h5 11. g5 Nd5 12. Be5 Rg8 13. Nf4 Nxf4 14. Qxf4 Nd7
15. Bc7 Qc8 16. d5 cxd5 17. Nxd5 Nc5 18. O-O-O Bxd5 19. Rxd5 e6 20. Rd8+ 1-0

[Event "Oberliga Ost B 2017 2018"]
[Site "Germany"]
[Date "2017.10.22"]
[Round "1.8"]
[White "Meyer, Kai Christian"]
[Black "Schaffer, Hendrik"]
[Result "0-1"]
[WhiteElo "2158"]
[BlackElo "2236"]
[PlyCount "92"]
[EventDate "2017.10.22"]
[EventType "team-tourn"]
[EventCountry "GER"]
[WhiteTeam "Schoeneck SF"]
[BlackTeam "Neuberg SF"]
[WhiteTeamCountry "GER"]
[BlackTeamCountry "GER"]

1. c4 g6 2. g3 Bg7 3. Bg2 d6 4. e3 Nf6 5. Ne2 O-O 6. O-O e5 7. Nbc3 Nc6 8. d3
Ne7 9. f4 c6 10. h3 Ne8 11. e4 Be6 12. g4 Qb6+ 13. Kh1 f5 14. exf5 gxf5 15. g5
h6 16. gxh6 Bf6 17. h7+ Kh8 18. Ng3 Ng7 19. Nce2 Ng6 20. Rb1 Nh4 21. b3 Rae8
22. Ng1 Bf7 23. Qc2 Bg6 24. Nf3 Nxg2 25. Qxg2 Bxh7 26. fxe5 dxe5 27. Bg5 Qd8
28. Bxf6 Qxf6 29. Rbe1 f4 30. Ne4 Bxe4 31. dxe4 Nh5 32. Rg1 Rg8 33. Qb2 Ng3+
34. Kh2 Rg7 35. Qg2 Rd7 36. Rd1 Rxd1 37. Rxd1 Nxe4 38. Qg4 Ng3 39. Ng5 Qf5 40.
Qh4+ Kg8 41. Rg1 e4 42. Qg4 Qxg4 43. hxg4 Ne2 44. Rf1 f3 45. Nxf3 exf3 46. Rxf3
Kg7 0-1

[Event "Oberliga Ost B 2017 2018"]
[Site "Germany"]
[Date "2017.11.11"]
[Round "2.1"]
[White "Konopka, Michal"]
[Black "Teske, Henrik"]
[Result "1/2-1/2"]
[WhiteElo "2391"]
[BlackElo "2471"]
[PlyCount "31"]
[EventDate "2017.10.22"]
[EventType "team-tourn"]
[EventCountry "GER"]
[WhiteTeam "Schoeneck SF"]
[BlackTeam "Erfurt SV Empor"]
[WhiteTeamCountry "GER"]
[BlackTeamCountry "GER"]

1. Nf3 Nf6 2. c4 b6 3. g3 Bb7 4. Bg2 e6 5. O-O Be7 6. Nc3 O-O 7. Re1 d5 8. cxd5
exd5 9. d4 Na6 10. Bf4 c6 11. Ne5 Nc7 12. e4 dxe4 13. Nxe4 Ncd5 14. Rc1 Nxf4
15. gxf4 Nd5 16. Qf3 1/2-1/2

[Event "Oberliga Ost B 2017 2018"]
[Site "Germany"]
[Date "2017.11.11"]
[Round "2.2"]
[White "Langheinrich, Ferenc"]
[Black "Heinatz, Thomas"]
[Result "1-0"]
[WhiteElo "2373"]
[BlackElo "2276"]
[PlyCount "63"]
[EventDate "2017.10.22"]
[EventType "team-tourn"]
[EventCountry "GER"]
[WhiteTeam "Erfurt SV Empor"]
[BlackTeam "Schoeneck SF"]
[WhiteTeamCountry "GER"]
[BlackTeamCountry "GER"]

1. Nf3 Nf6 2. d4 g6 3. c4 Bg7 4. Nc3 O-O 5. e4 d6 6. h3 e5 7. d5 Nbd7 8. Be3
Nc5 9. Nd2 a5 10. g4 Bd7 11. b3 c6 12. a3 cxd5 13. cxd5 b5 14. Bxc5 dxc5 15.
Bxb5 Bxb5 16. Nxb5 Bh6 17. Qc2 a4 18. bxa4 Bxd2+ 19. Kxd2 Nd7 20. Ke2 Nb6 21.
a5 Rxa5 22. a4 Nxa4 23. Rhb1 Qe8 24. Nd6 Qa8 25. Nc4 Ra6 26. Ra3 Qa7 27. Rba1
Ra8 28. Kf1 f6 29. Kg2 Qd7 30. Rxa4 Rxa4 31. Nb6 Rxa1 32. Nxd7 1-0

[Event "Oberliga Ost B 2017 2018"]
[Site "Germany"]
[Date "2017.11.11"]
[Round "2.3"]
[White "Nazarenus, Moritz"]
[Black "Friedrich, Wiede"]
[Result "0-1"]
[WhiteElo "2241"]
[BlackElo "2334"]
[PlyCount "46"]
[EventDate "2017.10.22"]
[EventType "team-tourn"]
[EventCountry "GER"]
[WhiteTeam "Schoeneck SF"]
[BlackTeam "Erfurt SV Empor"]
[WhiteTeamCountry "GER"]
[BlackTeamCountry "GER"]

1. d4 Nf6 2. c4 c6 3. Nf3 d5 4. Nc3 e6 5. e3 Nbd7 6. Qc2 Bd6 7. Be2 O-O 8. b3
e5 9. cxd5 Nxd5 10. Nxd5 cxd5 11. dxe5 Nxe5 12. O-O Nxf3+ 13. Bxf3 Qh4 14. Rd1
Qxh2+ 15. Kf1 d4 16. Qd3 Re8 17. Ke2 Bd7 18. Bb2 dxe3 19. fxe3 Bg4 20. Rg1
Bxf3+ 21. Kxf3 Qg3+ 22. Ke2 Bc5 23. Bd4 Rad8 0-1

[Event "Oberliga Ost B 2017 2018"]
[Site "Germany"]
[Date "2017.11.11"]
[Round "2.4"]
[White "Michalowski, Peter"]
[Black "Schaack, Harry"]
[Result "1-0"]
[WhiteElo "2064"]
[BlackElo "2207"]
[PlyCount "63"]
[EventDate "2017.10.22"]
[EventType "team-tourn"]
[EventCountry "GER"]
[WhiteTeam "Erfurt SV Empor"]
[BlackTeam "Schoeneck SF"]
[WhiteTeamCountry "GER"]
[BlackTeamCountry "GER"]

1. e4 c6 2. d4 d5 3. e5 Bf5 4. Nf3 e6 5. Be2 c5 6. Be3 Qb6 7. Nc3 c4 8. Qc1 Bb4
9. O-O Bxc3 10. bxc3 Ne7 11. Nh4 O-O 12. g4 Be4 13. f3 Bg6 14. Bg5 Nbc6 15. f4
Be4 16. Rb1 Qc7 17. f5 exf5 18. gxf5 Qd7 19. Bg4 Ng6 20. e6 fxe6 21. fxg6 hxg6
22. Qe3 b6 23. Nxg6 Rfe8 24. Nf4 Bf5 25. Qh3 g6 26. Rbe1 Qf7 27. Bxf5 exf5 28.
Qh6 Re4 29. Rxe4 dxe4 30. Nxg6 Qg7 31. Qxg7+ Kxg7 32. Ne7 1-0

[Event "Oberliga Ost B 2017 2018"]
[Site "Germany"]
[Date "2017.11.11"]
[Round "2.5"]
[White "Everett, Elijah"]
[Black "Weishaeutel, Moritz"]
[Result "1-0"]
[WhiteElo "2168"]
[BlackElo "1983"]
[PlyCount "103"]
[EventDate "2017.10.22"]
[EventType "team-tourn"]
[EventCountry "GER"]
[WhiteTeam "Schoeneck SF"]
[BlackTeam "Erfurt SV Empor"]
[WhiteTeamCountry "GER"]
[BlackTeamCountry "GER"]

1. e4 e6 2. d4 d5 3. Nc3 Nf6 4. e5 Nfd7 5. f4 c5 6. Nf3 Nc6 7. Be3 Be7 8. Qd2
O-O 9. dxc5 Bxc5 10. O-O-O a6 11. Kb1 b5 12. Bd3 Qb6 13. Bxh7+ Kxh7 14. Ng5+
Kg8 15. Qd3 Re8 16. Qh7+ Kf8 17. Qh8+ Ke7 18. Qxg7 Bxe3 19. Qxf7+ Kd8 20. Nxe6+
Rxe6 21. Qxe6 Ne7 22. Qf7 Qc5 23. e6 Nb6 24. f5 Bb7 25. f6 d4 26. fxe7+ Qxe7
27. Ne2 Qxf7 28. exf7 Ke7 29. Nxd4 Bxd4 30. Rhe1+ Kxf7 31. Rxd4 Nd5 32. Rde4
Kg6 33. Kc1 Nf6 34. Re7 Bd5 35. h4 Rc8 36. b3 Rc3 37. R1e3 Rc6 38. R3e5 a5 39.
h5+ Kh6 40. g4 Ng8 41. Re8 Bf7 42. Rf8 Kg7 43. Rb8 Nf6 44. Rbxb5 a4 45. h6+ Kg6
46. g5 Nh7 47. Kb2 axb3 48. cxb3 Rd6 49. a4 Re6 50. a5 Rxe5 51. Rxe5 Nxg5 52.
Rxg5+ 1-0

[Event "Oberliga Ost B 2017 2018"]
[Site "Germany"]
[Date "2017.11.11"]
[Round "2.6"]
[White "Sieber, Stephan"]
[Black "Garbe, Ralf"]
[Result "1-0"]
[WhiteElo "2217"]
[BlackElo "2195"]
[PlyCount "41"]
[EventDate "2017.10.22"]
[EventType "team-tourn"]
[EventCountry "GER"]
[WhiteTeam "Erfurt SV Empor"]
[BlackTeam "Schoeneck SF"]
[WhiteTeamCountry "GER"]
[BlackTeamCountry "GER"]

1. e4 d5 2. exd5 Qxd5 3. Nc3 Qa5 4. d4 c6 5. Bd3 Nf6 6. Nge2 Bg4 7. h3 Bh5 8.
f4 e6 9. O-O Bg6 10. f5 Bxf5 11. Bxf5 exf5 12. Ng3 g6 13. Qe2+ Kd8 14. Bg5 Be7
15. Rae1 Qb4 16. a3 Qd6 17. Rxf5 gxf5 18. Nxf5 Qe6 19. Qf2 Nbd7 20. Nxe7 Kxe7
21. d5 1-0

[Event "Oberliga Ost B 2017 2018"]
[Site "Germany"]
[Date "2017.11.11"]
[Round "2.7"]
[White "Meyer, Kai Christian"]
[Black "Schmuck, Helmut"]
[Result "1-0"]
[WhiteElo "2158"]
[BlackElo "2120"]
[PlyCount "67"]
[EventDate "2017.10.22"]
[EventType "team-tourn"]
[EventCountry "GER"]
[WhiteTeam "Schoeneck SF"]
[BlackTeam "Erfurt SV Empor"]
[WhiteTeamCountry "GER"]
[BlackTeamCountry "GER"]

1. c4 e5 2. Nc3 Nf6 3. g3 d5 4. cxd5 Nxd5 5. Bg2 c6 6. d3 Be6 7. Nf3 f6 8. O-O
Be7 9. e4 Nb4 10. Ne1 c5 11. f4 N8c6 12. a3 Na6 13. Nc2 c4 14. Nd5 cxd3 15.
Qxd3 O-O 16. b4 Nc7 17. b5 Bc5+ 18. Be3 Bxe3+ 19. Ncxe3 Nd4 20. fxe5 fxe5 21.
Rxf8+ Kxf8 22. a4 b6 23. Rc1 Rc8 24. Qa3+ Ke8 25. Rf1 Bf7 26. Nc4 Ncxb5 27.
axb5 Rxc4 28. Qxa7 Bxd5 29. Qxg7 Ne2+ 30. Kh1 Qe7 31. Qh8+ Kd7 32. exd5 Rc1 33.
Qb8 Qc5 34. Bh3+ 1-0

[Event "Oberliga Ost B 2017 2018"]
[Site "Germany"]
[Date "2017.11.11"]
[Round "2.8"]
[White "Pichl, Michael"]
[Black "Weiss, Matthias"]
[Result "1-0"]
[WhiteElo "2049"]
[BlackElo "2063"]
[PlyCount "97"]
[EventDate "2017.10.22"]
[EventType "team-tourn"]
[EventCountry "GER"]
[WhiteTeam "Erfurt SV Empor"]
[BlackTeam "Schoeneck SF"]
[WhiteTeamCountry "GER"]
[BlackTeamCountry "GER"]

1. g3 e5 2. Bg2 d5 3. c4 Nf6 4. cxd5 Nxd5 5. Nf3 Nc6 6. d3 Be7 7. O-O g5 8. d4
e4 9. Ne5 f5 10. Nxc6 bxc6 11. Nc3 O-O 12. f3 exf3 13. Bxf3 Kh8 14. e4 fxe4 15.
Bxe4 Rxf1+ 16. Qxf1 Be6 17. Qe2 Bf6 18. Kh1 Bxd4 19. Bd2 Nxc3 20. bxc3 Bg7 21.
Qh5 Qg8 22. Bxg5 Bd5 23. Qf3 Re8 24. Bxd5 Qxd5 25. Qxd5 cxd5 26. Rd1 c6 27. Bd2
Kg8 28. Re1 Rxe1+ 29. Bxe1 Kf7 30. Kg2 Ke6 31. Kf3 a6 32. Bd2 h5 33. g4 hxg4+
34. Kxg4 Ke5 35. Kf3 Kf5 36. h4 Bf6 37. h5 Be5 38. h6 Kg6 39. Kg4 Bh8 40. Kf3
Kh7 41. Ke2 Bf6 42. Kd3 Kg6 43. c4 dxc4+ 44. Kxc4 Be7 45. a4 a5 46. Bxa5 Kxh6
47. Bb6 Bd6 48. a5 Kg6 49. a6 1-0

[Event "Oberliga Ost B 2017 2018"]
[Site "Germany"]
[Date "2017.11.11"]
[Round "2.1"]
[White "Matviishen, Viktor"]
[Black "Zimmermann, Hendrik"]
[Result "1/2-1/2"]
[WhiteElo "2433"]
[BlackElo "2175"]
[PlyCount "99"]
[EventDate "2017.10.22"]
[EventType "team-tourn"]
[EventCountry "GER"]
[WhiteTeam "Kasseler SK"]
[BlackTeam "Frankfurt SC Koenig Nied"]
[WhiteTeamCountry "GER"]
[BlackTeamCountry "GER"]

1. d4 f5 2. c4 Nf6 3. g3 g6 4. Bg2 Bg7 5. Nc3 O-O 6. Nf3 d6 7. O-O Nc6 8. b3 e5
9. Bb2 e4 10. Ne1 d5 11. Nc2 Be6 12. cxd5 Nxd5 13. Nxd5 Bxd5 14. Qd2 Qf6 15. b4
Ne7 16. Ne3 Bf7 17. Rac1 c6 18. Nc4 Bd5 19. a4 Rfd8 20. b5 Rac8 21. Qb4 Qe6 22.
Ne3 Bh6 23. Qa3 f4 24. gxf4 Bxf4 25. bxc6 bxc6 26. Rc3 Bd6 27. Qa1 Nf5 28. Nxd5
cxd5 29. Rxc8 Rxc8 30. Ba3 Bb8 31. Rc1 Rxc1+ 32. Qxc1 Bd6 33. Bxd6 Qxd6 34. Qc3
Kg7 35. Bh3 Qf4 36. Bxf5 Qxf5 37. Qc7+ Kh6 38. a5 a6 39. Qc3 Kg5 40. Kf1 h5 41.
h4+ Kh6 42. Qc1+ Kg7 43. Qc7+ Kh6 44. Qg3 Qf6 45. e3 Qd8 46. Qf4+ Kg7 47. Qe5+
Kf7 48. Qf4+ Kg7 49. Qe5+ Kf7 50. Qf4+ 1/2-1/2

[Event "Oberliga Ost B 2017 2018"]
[Site "Germany"]
[Date "2017.11.11"]
[Round "2.2"]
[White "Uwira, Oliver"]
[Black "Frolov, Artur"]
[Result "0-1"]
[WhiteElo "2251"]
[BlackElo "2403"]
[PlyCount "82"]
[EventDate "2017.10.22"]
[EventType "team-tourn"]
[EventCountry "GER"]
[WhiteTeam "Frankfurt SC Koenig Nied"]
[BlackTeam "Kasseler SK"]
[WhiteTeamCountry "GER"]
[BlackTeamCountry "GER"]

1. d4 Nf6 2. c4 c5 3. d5 e5 4. Nc3 d6 5. e4 g6 6. Nf3 Bg7 7. Be2 O-O 8. O-O Nh5
9. Re1 Nf4 10. Bf1 f6 11. a3 Na6 12. Rb1 Rf7 13. b4 g5 14. Nd2 g4 15. Nb3 b6
16. Bd2 f5 17. exf5 Bxf5 18. Ne4 Rc8 19. bxc5 Nxc5 20. Nbxc5 bxc5 21. Rb3 Rb8
22. Ng3 Rxb3 23. Qxb3 Bg6 24. Ne4 h6 25. Qg3 Qd7 26. Qh4 Bxe4 27. Rxe4 Qf5 28.
Re1 Ng6 29. Qg3 e4 30. Re2 Bd4 31. Bc3 Nf4 32. Bxd4 cxd4 33. Re1 Nh5 34. Qh4 g3
35. Re2 d3 36. Rb2 e3 37. hxg3 d2 38. Be2 Qxf2+ 39. Kh2 Qxe2 40. Rb8+ Kg7 41.
Qd8 Nf6 0-1

[Event "Oberliga Ost B 2017 2018"]
[Site "Germany"]
[Date "2017.11.11"]
[Round "2.3"]
[White "Grafl, Florian"]
[Black "Wege, Jochen"]
[Result "1/2-1/2"]
[WhiteElo "2364"]
[BlackElo "2294"]
[PlyCount "97"]
[EventDate "2017.10.22"]
[EventType "team-tourn"]
[EventCountry "GER"]
[WhiteTeam "Kasseler SK"]
[BlackTeam "Frankfurt SC Koenig Nied"]
[WhiteTeamCountry "GER"]
[BlackTeamCountry "GER"]

1. d4 e6 2. e4 d5 3. Bd3 dxe4 4. Bxe4 Nf6 5. Bf3 c5 6. Ne2 Be7 7. Be3 Qc7 8.
Nbc3 a6 9. O-O O-O 10. Bf4 Bd6 11. Bxd6 Qxd6 12. dxc5 Qxc5 13. Ng3 Nc6 14. Nge4
Nxe4 15. Bxe4 b5 16. Qd3 h6 17. Rad1 Bb7 18. Qg3 Na5 19. Bxb7 Nxb7 20. a3 Rfd8
21. Qf3 Nd6 22. Ne4 Nxe4 23. Qxe4 Rac8 24. c3 Qc4 25. Qb7 a5 26. Qb6 Rxd1 27.
Rxd1 Qe2 28. Rd8+ Kh7 29. g3 Rxd8 30. Qxd8 a4 31. Qe7 Qxb2 32. Qxf7 Qxa3 33.
Qxe6 Qf8 34. Qd5 a3 35. Qxb5 Qa8 36. Qb1+ Kh8 37. Qa2 Qa5 38. Qe6 Qa8 39. Qa2
Qa4 40. h4 Qa5 41. Qe6 Qb5 42. Qe4 Qb8 43. Qc2 Qg8 44. Qa4 Qa2 45. Qa8+ Kh7 46.
Qe4+ Kh8 47. Qa8+ Kh7 48. Qe4+ Kh8 49. Qa8+ 1/2-1/2

[Event "Oberliga Ost B 2017 2018"]
[Site "Germany"]
[Date "2017.11.11"]
[Round "2.4"]
[White "Staller, Peter"]
[Black "Hahn, Markus"]
[Result "1/2-1/2"]
[WhiteElo "2267"]
[BlackElo "2281"]
[PlyCount "226"]
[EventDate "2017.10.22"]
[EventType "team-tourn"]
[EventCountry "GER"]
[WhiteTeam "Frankfurt SC Koenig Nied"]
[BlackTeam "Kasseler SK"]
[WhiteTeamCountry "GER"]
[BlackTeamCountry "GER"]

1. d4 Nf6 2. Nf3 c5 3. c3 d5 4. e3 cxd4 5. exd4 Qc7 6. Be2 Nc6 7. Na3 a6 8. Nc2
Bg4 9. Ne3 Bh5 10. g3 e6 11. Ng2 Bd6 12. Bf4 O-O 13. O-O b5 14. a3 Rfc8 15.
Bxd6 Qxd6 16. Nf4 Bxf3 17. Bxf3 a5 18. Nd3 b4 19. axb4 axb4 20. Re1 bxc3 21.
bxc3 h6 22. Re2 Nd7 23. Rea2 Rxa2 24. Rxa2 Qc7 25. Qa1 Qb6 26. Rb2 Qa5 27. Ra2
Qb6 28. Rb2 Qa5 29. Ra2 Qb5 30. Be2 Qb7 31. Rb2 Qc7 32. Ra2 Ncb8 33. Ra3 Nb6
34. Nc5 N8d7 35. Ra7 Qc6 36. Nxd7 Nxd7 37. Ra3 Nf6 38. f3 Ne8 39. Ra6 Qb7 40.
Ra7 Qb3 41. Ra8 Rxa8 42. Qxa8 Kf8 43. Qc8 Qb6 44. Kg2 Ke7 45. Kf2 Nd6 46. Qa8
Qc7 47. Qa3 g5 48. Bd3 Kf6 49. Qc1 Qa5 50. Qd2 Qa1 51. Kg2 Ke7 52. h4 f6 53.
hxg5 hxg5 54. Kh2 Nc8 55. Be2 Nb6 56. f4 gxf4 57. gxf4 f5 58. Kg2 Qb1 59. Bd3
Qb3 60. Qe1 Kd7 61. Qe5 Nc8 62. Be2 Nd6 63. Qg7+ Kc6 64. Qe5 Qxc3 65. Qxe6 Qxd4
66. Bf3 Kc5 67. Qe7 Qxf4 68. Qa7+ Kb4 69. Qb8+ Kc3 70. Qc7+ Kd3 71. Qa5 Qg5+
72. Kf2 Ne4+ 73. Bxe4+ Kxe4 74. Qb4+ Ke5 75. Qb8+ Ke6 76. Qe8+ Kd6 77. Qb8+ Kc6
78. Qa8+ Kc5 79. Qa5+ Kc4 80. Qa4+ Kd3 81. Qb3+ Ke4 82. Qb4+ d4 83. Qb7+ Kf4
84. Qf3+ Ke5 85. Qe2+ Kf6 86. Qa6+ Ke5 87. Qe2+ Kd5 88. Qb5+ Ke6 89. Qa6+ Kf7
90. Qa7+ Kg6 91. Qxd4 Kh5 92. Qh8+ Kg4 93. Qc3 Qf4+ 94. Kg2 Qe4+ 95. Kf2 Qf4+
96. Kg2 Qe4+ 97. Kf2 Qe7 98. Qg3+ Kh5 99. Qh3+ Kg6 100. Qg3+ Kh5 101. Qh3+ Qh4+
102. Qxh4+ Kxh4 103. Kf3 Kg5 104. Kg3 f4+ 105. Kf3 Kf5 106. Kf2 Ke4 107. Ke2
f3+ 108. Kf2 Kf4 109. Kf1 Kf5 110. Kf2 Ke4 111. Kf1 Ke3 112. Ke1 f2+ 113. Kf1
Kf3 1/2-1/2

[Event "Oberliga Ost B 2017 2018"]
[Site "Germany"]
[Date "2017.11.11"]
[Round "2.5"]
[White "Kearns, Christopher"]
[Black "Graf, Gerd"]
[Result "1/2-1/2"]
[WhiteElo "2209"]
[BlackElo "2231"]
[PlyCount "77"]
[EventDate "2017.10.22"]
[EventType "team-tourn"]
[EventCountry "GER"]
[WhiteTeam "Kasseler SK"]
[BlackTeam "Frankfurt SC Koenig Nied"]
[WhiteTeamCountry "GER"]
[BlackTeamCountry "GER"]

1. e4 e6 2. d4 d5 3. e5 c5 4. c3 Nc6 5. Nf3 Bd7 6. Bd3 Nh6 7. h4 cxd4 8. cxd4
Qb6 9. Nc3 Nxd4 10. Ng5 Bc5 11. O-O Nhf5 12. Be3 h6 13. Bxd4 Bxd4 14. Nf3 Bxc3
15. bxc3 Qc5 16. Rb1 b6 17. Bxf5 exf5 18. Nd4 O-O 19. Qh5 Qxc3 20. Nxf5 Bxf5
21. Qxf5 Rfe8 22. Rfe1 Re6 23. Rbc1 Qb4 24. Red1 Rd8 25. Rc7 Re7 26. Rc8 Rxc8
27. Qxc8+ Kh7 28. Qf5+ g6 29. Qf6 Rd7 30. Rxd5 Qe7 31. Rxd7 Qxd7 32. Qd6 Qe6
33. a4 Kg7 34. Qc7 h5 35. Qxa7 Qxe5 36. Qxb6 Qa1+ 37. Kh2 Qxa4 38. Qb2+ Kg8 39.
Qf6 1/2-1/2

[Event "Oberliga Ost B 2017 2018"]
[Site "Germany"]
[Date "2017.11.11"]
[Round "2.6"]
[White "Prenzler, Daniel"]
[Black "Dovzik, Juri"]
[Result "1/2-1/2"]
[WhiteElo "2166"]
[BlackElo "2304"]
[PlyCount "98"]
[EventDate "2017.10.22"]
[EventType "team-tourn"]
[EventCountry "GER"]
[WhiteTeam "Frankfurt SC Koenig Nied"]
[BlackTeam "Kasseler SK"]
[WhiteTeamCountry "GER"]
[BlackTeamCountry "GER"]

1. Nf3 d5 2. b3 Nf6 3. c4 c6 4. Bb2 Bf5 5. g3 e6 6. Bg2 h6 7. O-O Be7 8. d3 O-O
9. Nbd2 a5 10. Ne5 Bh7 11. Ndf3 Nbd7 12. Qc2 Re8 13. Bc3 Nxe5 14. Bxe5 Nd7 15.
Bc3 Bf6 16. Qb2 Qb6 17. Bxf6 Nxf6 18. Ne5 c5 19. Rab1 Qd6 20. f4 Nd7 21. Nxd7
Qxd7 22. Rbc1 d4 23. a3 e5 24. fxe5 Rxe5 25. Bf3 Rf8 26. b4 axb4 27. axb4 b6
28. bxc5 bxc5 29. Bd5 Bf5 30. e4 Be6 31. Qb6 Qe7 32. Rf3 h5 33. Rcf1 h4 34.
gxh4 Bxd5 35. cxd5 Qxh4 36. Qc7 Rg5+ 37. Rg3 c4 38. dxc4 d3 39. Rxg5 Qxg5+ 40.
Qg3 Qd2 41. Qf3 Qc3 42. Rd1 Qd4+ 43. Kg2 Ra8 44. Qxd3 Ra2+ 45. Kh1 Qe5 46. Rd2
Rxd2 47. Qxd2 Qxe4+ 48. Kg1 Qxc4 49. d6 Qg4+ 1/2-1/2

[Event "Oberliga Ost B 2017 2018"]
[Site "Germany"]
[Date "2017.11.11"]
[Round "2.7"]
[White "Bunda, Viktor"]
[Black "Haenisch, Uwe"]
[Result "1/2-1/2"]
[WhiteElo "2305"]
[BlackElo "2195"]
[PlyCount "106"]
[EventDate "2017.10.22"]
[EventType "team-tourn"]
[EventCountry "GER"]
[WhiteTeam "Kasseler SK"]
[BlackTeam "Frankfurt SC Koenig Nied"]
[WhiteTeamCountry "GER"]
[BlackTeamCountry "GER"]

1. d4 f5 2. Bg5 g6 3. h4 Bg7 4. e3 h6 5. Bf4 d6 6. Nf3 Nd7 7. Bc4 e5 8. Bxg8
Rxg8 9. dxe5 Nxe5 10. Nc3 c6 11. Nd4 Qe7 12. Qe2 Be6 13. Nxe6 Qxe6 14. Bxe5
Bxe5 15. Qd3 d5 16. O-O-O Qf6 17. g3 Bxc3 18. Qxc3 Qxc3 19. bxc3 b5 20. Rd4
O-O-O 21. Rhd1 Rge8 22. a4 a6 23. Kb2 Kb7 24. a5 Kc7 25. g4 c5 26. Rf4 Re4 27.
gxf5 Rxf4 28. exf4 gxf5 29. Rg1 d4 30. Rg6 Rd6 31. h5 Kc6 32. cxd4 cxd4 33. Rg8
d3 34. cxd3 Rxd3 35. Ra8 b4 36. Rxa6+ Kb5 37. Rxh6 Kxa5 38. Rf6 Ka4 39. Ra6+
Kb5 40. Rf6 Kc4 41. Rxf5 Rd2+ 42. Kc1 Rxf2 43. Rf6 Kc3 44. Rc6+ Kd3 45. h6 Rxf4
46. Kb2 Kd4 47. Kb3 Kd5 48. h7 Rh4 49. Rc7 Ke6 50. Rb7 Kf6 51. Rb6+ Kg7 52.
Rxb4 Rxb4+ 53. Kxb4 Kxh7 1/2-1/2

[Event "Oberliga Ost B 2017 2018"]
[Site "Germany"]
[Date "2017.11.11"]
[Round "2.8"]
[White "Perlitz, Sven"]
[Black "Kersten, Uwe"]
[Result "0-1"]
[WhiteElo "2112"]
[BlackElo "2245"]
[PlyCount "84"]
[EventDate "2017.10.22"]
[EventType "team-tourn"]
[EventCountry "GER"]
[WhiteTeam "Frankfurt SC Koenig Nied"]
[BlackTeam "Kasseler SK"]
[WhiteTeamCountry "GER"]
[BlackTeamCountry "GER"]

1. e4 c5 2. c3 Nf6 3. e5 Nd5 4. d4 cxd4 5. cxd4 d6 6. Nf3 e6 7. Nc3 Nxc3 8.
bxc3 Qc7 9. Bd2 Nd7 10. Bd3 dxe5 11. O-O e4 12. Bxe4 Nf6 13. Bd3 Bd6 14. c4 O-O
15. Rc1 Bf4 16. Rc2 Bd7 17. Bxf4 Qxf4 18. Qd2 Qxd2 19. Rxd2 Rac8 20. Ne5 Rfd8
21. Bc2 Be8 22. Rfd1 Kf8 23. f3 h5 24. d5 exd5 25. Bb3 a5 26. cxd5 a4 27. Bc2
Rxd5 28. Rxd5 Nxd5 29. Bf5 Rc5 30. Re1 Nf6 31. f4 b5 32. Rb1 g6 33. Bd3 Nd5 34.
f5 Nf4 35. Rf1 g5 36. g3 Nh3+ 37. Kg2 Rxe5 38. Kxh3 Rd5 39. Bb1 Rd2 40. f6 Bc6
41. Rg1 b4 42. g4 h4 0-1

[Event "Oberliga Ost B 2017 2018"]
[Site "Germany"]
[Date "2017.11.11"]
[Round "2.1"]
[White "Strache, Michael"]
[Black "Brueggemann, Ludger"]
[Result "1-0"]
[WhiteElo "2287"]
[BlackElo "2285"]
[PlyCount "59"]
[EventDate "2017.10.22"]
[EventType "team-tourn"]
[EventCountry "GER"]
[WhiteTeam "Sangerhausen SV"]
[BlackTeam "Frankfurter TV"]
[WhiteTeamCountry "GER"]
[BlackTeamCountry "GER"]

1. d4 Nf6 2. Nf3 g6 3. g3 Bg7 4. Bg2 O-O 5. O-O d6 6. Re1 Nbd7 7. e4 e5 8. h3
c6 9. c4 exd4 10. Nxd4 Re8 11. Nc3 a5 12. Be3 Nc5 13. Qc2 Qe7 14. f3 Nh5 15.
Kh2 Ne6 16. Nce2 Bd7 17. Rad1 Rad8 18. Nxe6 fxe6 19. Bb6 Ra8 20. Qd2 d5 21.
Bxa5 Bxb2 22. exd5 exd5 23. Bc3 Bxc3 24. Nxc3 Qd6 25. Rxe8+ Bxe8 26. f4 d4 27.
Ne4 Qd8 28. Qb2 d3 29. Rd2 Bf7 30. Qc3 1-0